| 000 | 00641nam a2200229 a 4500 | ||
|---|---|---|---|
| 999 |
_c13927 _d13927 |
||
| 020 | _a8121924960 (paperback) | ||
| 020 | _a9788121924962 (paperback) | ||
| 100 | 1 | _aMehta, V. K. | |
| 245 | 1 | 0 | _aPrinciples of Power System / |
| 250 | _a3rd ed. | ||
| 260 |
_a[S.l.] : _bS Chand & Co Ltd, _c2005. |
||
| 300 | _a608 p. ; | ||
| 650 | _aPower System | ||
| 650 | _aPower Resources | ||
| 650 | _aElectric Power Systems | ||
| 650 | _aElectric power transmission | ||
| 650 | _aProtection | ||
| 650 | _aHydrothermal electric power systems | ||
| 700 | 1 | _aMehta, Rohit. | |
| 856 | 4 | 0 | _uhttp://10.10.170.122:8080/browse/book/1972 |
| 942 | _cBK | ||